Movies Quiz

Random Movies Quiz

Movies by Cameo (Pictures) Quiz Stats

 Plays Quiz not verified by Sporcle

Challenge
Share
Tweet
Photobucket
Score 0/50 Timer 10:00
0 Plays Today
% Correct
Happy Gilmore
84.5%
The Hangover
80.7%
Tom Cruise
76.4%
Zoolander
76.2%
Bruce Willis
75.1%
Iron Man
73.8%
Mike Tyson
71.8%
Austin Powers in Goldmember
69.7%
Anchorman: The Legend of Ron Burgundy
68.6%
The Wedding Singer
67.6%
Lance Armstrong
67.1%
Zombieland
66.9%
Dodgeball: A True Underdog Story
66.4%
Bob Barker
64.5%
Ben Affleck
63.7%
Arnold Schwarzenegger
62.8%
Pirates of the Caribbean: At World's End
62.5%
Bill Murray
58.2%
Ace Ventura: Pet Detective
57.9%
Quentin Tarantino
57.8%
David Bowie
57.5%
Jay and Silent Bob Strike Back
56.2%
Vanilla Ice
55.1%
Danny Glover
52.9%
Billy Idol
52.8%
% Correct
Samuel L. Jackson
52.2%
Stan Lee
52.2%
Keith Richards
49%
Bruce Springsteen
48.9%
Matt Damon
48.3%
Teenage Mutant Ninja Turtles II: The Secret of the Ooze
47.9%
The Expendables
47%
Tim Robbins
46.6%
EuroTrip
45.6%
Peter Jackson
43.5%
Madonna
42.6%
Ocean's Twelve
38.7%
Dan Marino
36.6%
Die Another Day
35.3%
Hot Shots! Part Deux
29.3%
Martin Sheen
29.3%
Hot Fuzz
25.4%
Spider-Man 2
21.9%
Bruce Campbell
21.3%
Kill Bill: Vol. 2
17.5%
Roger Moore
16.6%
Maverick
14.1%
High Fidelity
11.9%
Death Proof
7.4%
Curse of the Pink Panther
0.4%

You're not logged in!

Compare scores with friends on all Sporcle quizzes.
Join for Free
OR
Log In

You Might Also Like...

Show Comments

Extras

Created Jan 26, 2011ReportFavoriteNominate
Tags:cameo, Image Quiz

Top Quizzes Today


Score Distribution

Your Account Isn't Verified!

In order to create a playlist on Sporcle, you need to verify the email address you used during registration. Go to your Sporcle Settings to finish the process.

Report this User

Report this user for behavior that violates our Community Guidelines.

Details: